Subhash: (Record no. 164525)

MARC details
000 -LEADER
fixed length control field 00452nam a22001697a 4500
005 - DATE AND TIME OF LATEST TRANSACTION
control field 20190522142027.0
010 ## - LCCN (DPL NO)
LC control number B-035297
020 ## - INTERNATIONAL STANDARD BOOK NUMBER
International Standard Book Number 8171675131
035 ## - SYSTEM CONTROL NUMBER
System control number B-035297
037 ## - SOURCE OF ACQUISITION
Source of stock number/acquisition Rupa. Co.
082 ## - DEWEY DECIMAL CLASSIFICATION NUMBER
Classification number 921
100 ## - MAIN ENTRY--PERSONAL NAME
Personal name Das, Sitanshu
245 ## - TITLE STATEMENT
Title Subhash:
Remainder of title a political biography /
Statement of responsibility, etc Sitanshu Das
260 ## - PUBLICATION, DISTRIBUTION, ETC. (IMPRINT)
Place of publication, distribution, etc New Delhi
Name of publisher, distributor, etc Rupa Co.
Date of publication, distribution, etc 2000
300 ## - PHYSICAL DESCRIPTION
Extent 634p. (it include index)
Dimensions 23cm(hbk)
942 ## - ADDED ENTRY ELEMENTS (KOHA)
Source of classification or shelving scheme Dewey Decimal Classification
Item type English Books
Classification part 921
Call number suffix BOS
Holdings
Withdrawn status Lost status Not for loan Collection code Home library Current library Date acquired Full call number Barcode Koha item type Public note
      Non-fiction Sarojini Nagar Sarojini Nagar 22/05/2019 921 BOS B-035297 English Books Withdran List Prepared L.No.20/14

© Delhi Public Library
Hit Counter
free hit counter